[Event "Kharkov Rector Cup 3rd"]
[Site "Kharkov"]
[Date "2001.04.19"]
[Round "2"]
[White "Turov, Maxim"]
[Black "Zubarev, Alexander2"]
[Result "1-0"]
[WhiteElo "2553"]
[BlackElo "2460"]
[Annotator "Golod,V"]
[PlyCount "97"]
[EventDate "2001.04.18"]
[EventType "tourn"]
[EventRounds "10"]
[EventCountry "UKR"]
[EventCategory "13"]
[SourceTitle "CBM 083"]
[Source "ChessBase"]
[SourceDate "2001.07.05"]
[SourceVersion "1"]
[SourceVersionDate "2001.07.05"]
[SourceQuality "1"]

1. d4 Nf6 2. c4 e6 3. Nc3 Bb4 4. Qc2 O-O 5. a3 Bxc3+ 6. Qxc3 d6 7. f3 Nbd7 $5 {
[%mdl 4] Besides this move black has several options:} (7... c5 $5 {See
comments to Ragozin,E-Aseev,K/St. Petersburg,2000/CBM 76(1-0)(Golod,V)(37)}) (
7... Nh5 $5 {[%cal Gd8h4] See comments to Timman,J-Nikolic,P/Wijk aan Zee,2000/
CBM75(1/2-1/2) (Golod,V)(27)}) (7... Qe7) (7... Nc6) (7... e5 $5 8. dxe5 dxe5
9. Qxe5 Nc6 10. Qc3 Nh5 11. Be3 f5 12. Nh3 (12. Bc5 $5 Re8 13. Rd1 Qh4+ 14. Bf2
Qe7 15. e3 $14) 12... f4 13. Bf2 Bxh3 14. gxh3 Qe7 $13 {Nemet,I-Vaganian,R/
Valenzia,1974/Inf 18/578(0-1)(46)}) ({and} 7... d5 $5 {(againts 8.e4,though
black agree to lose tempo).See comments to Kasparov,G- Sax,G/Reykjavik,1988/
Inf 46/751(1-0) (Sax,Gy)(38)}) 8. e4 e5 ({Dubiously:} 8... Nh5 9. Nh3 (9. Be3
$5) 9... f5 10. Bg5 Qe8 11. exf5 exf5+ 12. Qe3 $4 (12. Be2 $5) 12... h6 {
[%csl Re1,Re3,Yg5][%cal Yg5e3] Postl,A-Fauland,A/Austria,1991(0-1)(12)}) 9. Be3
({A little prematurely:} 9. d5 a5 10. Be3 a4 11. Ne2 Qe7 12. Nc1 Nc5 13. Bd3
Nh5 $11 {Beutelhoff,J-Lomineishvili,M/Schwaebisch Gmuend,1997(0-1)(60)}) (9.
Bg5 $6 a5 10. Ne2 h6 11. Bh4 (11. Be3 $5) 11... c6 12. Bf2 Re8 13. O-O-O $6 b5
$40 {Luukkonen,T-Raaste,E/Jyvaskyla,1999 (0-1)(33)}) 9... a5 $146 ({Was
checked in the previous game:} 9... exd4 $5 10. Bxd4 a6 11. Nh3 Qe7 12. Be2 Re8
13. Nf4 c5 14. Bf2 b5 $1 $13 {Kramnik,V-Vehi Bach,V/Groningen,1991(1-0)(64)}) {
White for the beginning strengthen the centre:} 10. Rd1 Qe7 11. Ne2 {[%csl Yd1,
Ye2][%cal Ye2d4,Yd1d4]} c5 $6 {[%mdl 16384] In my opinion it's strategical
blunder.It deserves attention:} (11... exd4 12. Nxd4 Ne5 $14 (12... Nc5)) ({or
} 11... Re8) 12. dxe5 $1 {Only so it is possible to use the previous mistake
of the black.} Nxe5 ({Also there is not enough of pleasure,after:} 12... dxe5
13. Qc2 {[%csl Rd5][%cal Ge2c3,Gc3d5]}) 13. Ng3 {Now huge positional advantage
of white does not cause in anybody of doubt.For the beginning,the white finish
development of the pieces.} a4 14. Be2 Ra6 {[%csl Ya6,Rb3,Rd6][%cal Ya6d6,
Ga6b6,Gb6b3]} 15. O-O Rb6 16. h3 {[%cal Gf3f4] At cases with threat: f4.} Qc7
17. Qd2 {White do not hasten with resolute actions, and improve an position of
the pieces.} ({Now dubiously:} 17. f4 Nc6 18. Bd3 Rb3 19. Qd2 Re8 $13) 17...
Rb3 18. Rf2 {[%csl Rb2,Yf2][%cal Yf2b2,Ge2f1]} Qb6 19. Bf1 Be6 20. Bg5 $5 {
[%csl Rd6,Rf6] Black can not protect all weakness.} Nfd7 $6 ({Loses right away:
} 20... Nxc4 $4 21. Bxc4 Bxc4 22. Bxf6 gxf6 23. Qh6 $18 {[%csl Rg8][%cal Gg3f5,
Gg3h5]}) ({Was necessary to decide on:} 20... Ne8 $1 21. Be7 $140 {[%csl Rf8]}
Bxc4 22. Bxf8 Kxf8 $44) 21. Qxd6 Qxd6 22. Rxd6 Nb6 {[%csl Rc4]} 23. Rc2 Nc6 {
[%cal Gc6d4]} ({Very weakly:} 23... Bxc4 {because of:} 24. Rxb6 Rxb6 25. Bxc4
Nxc4 26. Rxc4 Rxb2 27. Rxc5 Rb3 28. Be7 Re8 29. Rc7 $18) (23... Nexc4 24. Rxe6
fxe6 25. Bxc4 Nxc4 26. Rxc4 Rxb2 27. Rxc5 $18) ({and} 23... Nbxc4 24. Rxe6 fxe6
25. Bxc4 Nxc4 26. Rxc4 Rxb2 27. Rxc5 $18) (23... h6 24. Bc1 $16) 24. Ne2 $1 $16
{Only so white not only keep but also increase the advantage.} Bxc4 $140 25.
Nc1 {[%csl Rb3]} Bxf1 26. Kxf1 f6 (26... Rb5 $143 27. Be3 $16 {[%csl Rc5]}) 27.
Bf4 Rb5 $6 ({A little bit better is:} 27... g5 $5 28. Bg3 (28. Nxb3 $143 axb3
29. Rxc5 gxf4 30. Rd3 Na4 $14) 28... Rb5 29. Bf2 f5 30. Bxc5 fxe4 31. Re6 Rf5
32. Bxb6 Rxb6 33. Rxe4 $16) 28. Be3 {[%csl Rc5]} Rc8 29. Nd3 ({Impossibly:} 29.
Bxc5 $4 {because of:} Ne5 {[%csl Rc5]} 30. Rxb6 Rxb6 $19 {[%csl Rc2]}) 29... c4
30. Nf4 c3 $2 {Black, were in a very heavy position,suppose a decisive mistake.
Probably,black blundered,because he didn't see 32.Nd5.} ({More stubborn
resistance after:} 30... Re8 31. Bxb6 Rxb6 32. Nd5 Rb3 33. Rxc4 Rxb2 34. Rxa4
$16) 31. Rxc3 Rxb2 32. Nd5 $1 {[%csl Rb6,Rc8,Rg8]} Na8 $8 (32... Nxd5 $143 $2
33. exd5 Rb3 (33... Ne7 34. Rxc8+ Nxc8 35. Rd8+ {[%csl Rc8,Rg8]}) 34. Rxb3 axb3
35. dxc6 b2 36. Rd1 Rxc6 37. Ke2 $18) 33. Rdxc6 $1 {This most simple and
reliable decision!} Rxc6 $8 34. Ne7+ Kf7 35. Nxc6 bxc6 36. Rxc6 $18 {[%csl Ra4,
Ra8]} Kg6 37. Rc4 Nb6 (37... Rb3 $143 38. Kf2 Rxa3 39. Rc8 {[%csl Ra8]} Ra2+
40. Kg3 Re2 41. Ba7 {[%csl Ra8]} a3 42. Rxa8 a2 43. Bd4 $18) 38. Bxb6 Rxb6 39.
Rxa4 {The further resistance is useless.} Kg5 40. Kf2 h5 41. Ra5+ Kg6 (41...
Kh4 $2 42. g3+ Kxh3 43. Rxh5#) 42. h4 Kh6 43. Kg3 {/\Kh3(Kf4),g4} g5 44. e5 $1
gxh4+ 45. Kxh4 fxe5 46. Rxe5 {[%csl Rh5]} Ra6 47. Rxh5+ Kg6 48. Rb5 Rxa3 49. f4
1-0

[Event "Cogas Energie m"]
[Site "Almelo"]
[Date "2004.04.09"]
[Round "3"]
[White "Van Wely, Loek"]
[Black "Timman, Jan H"]
[Result "1-0"]
[WhiteElo "2617"]
[BlackElo "2578"]
[Annotator "Golod,V"]
[PlyCount "81"]
[EventDate "2004.04.08"]
[EventType "match"]
[EventRounds "4"]
[EventCountry "NED"]
[SourceTitle "CBM 101"]
[Source "ChessBase"]
[SourceDate "2004.07.27"]
[SourceVersion "1"]
[SourceVersionDate "2004.07.27"]
[SourceQuality "1"]

1. d4 Nf6 2. c4 e6 3. Nc3 Bb4 4. Qc2 O-O 5. a3 Bxc3+ 6. Qxc3 b6 7. Bg5 Bb7 8.
f3 h6 9. Bh4 d5 10. e3 Nbd7 11. Nh3 c5 12. cxd5 Nxd5 ({Is a possible
continuations of the play:} 12... cxd4 $5 {You can see comments to Bareev,
E-Kramnik,V/Novgorod,1997/CBM 60(1/2-1/2)(Tsesarsky,I)(23)}) ({and} 12... exd5)
13. Bxd8 Nxc3 14. Be7 ({Leads to favourable simplifications for Black:} 14.
Bxb6 $6 axb6 15. bxc3 Ra5 $1 16. Kd2 Rfa8 $11 {[%csl Ra3] Kahn,E-Palkovi,J/
Helsinki,1990(1/2-1/2)(62)}) 14... Rfe8 15. Bh4 Nd5 16. Bb5 g5 17. Bf2 (17.
Bxd7 $5 {You can see annotations to game: Khenkin,I-Ulibin,M/Minsk,1990/CBM 17
(Ftacnik,L)(1-0)(43)}) 17... Red8 ({From my point of view, worse is:} 17...
N5f6 {For further annotations you can see Sasikiran,K-Korotylev,A/Moscow,2004/
CBM 100(1-0)(Golod,V)(44)}) 18. e4 N5f6 19. O-O $5 $146 (19. dxc5 $6 {was
checked by GM Merab Guganashvili twice in last year:} Nxc5 20. Bxc5 bxc5 21.
Rc1 $11 {You can see my annotations to Gagunashvili-Li Wenliang/Groningen,2004
(1-0)(54)}) 19... Rac8 ({It deserves serious attention in future:} 19... a6 $5
20. Bxd7 (20. Be2 $6 g4 $1 {Now this move works even better, than a move
before:} 21. dxc5 (21. Nf4 cxd4 $15 22. Bxd4 $140 $4 e5 $19) (21. fxg4 Nxe4 $15
) 21... gxh3 22. cxb6 hxg2 23. Kxg2 Nh5 $15) 20... Nxd7 21. dxc5 Nxc5 22. Bxc5
bxc5 23. Rac1 Rac8 24. Nf2 {The position is almost equal,however it is easier
to play it for White.Black's weakness on c5 provides to white a long time
initiative.}) ({Also need to be checked:} 19... g4 $5 20. dxc5 $1 {[%csl Rb7,
Rd7][%cal Gc5c6]} (20. Nf4 $6 cxd4 21. Bh4 gxf3 22. gxf3 Rdc8 $15) 20... Nxc5 (
20... gxh3 $143 21. c6 Bxc6 22. Bxc6 Rac8 23. Bb5 $1 ({Badly is:} 23. Rac1 $2 {
because of:} Ne5 24. Bb5 Rxc1 25. Rxc1 Rd2 $15 {[%csl Rb2,Gd2,Rf4][%cal Yf6h5,
Yh5f4]}) 23... Ne5 (23... hxg2 24. Kxg2 Rc2 (24... Ne5 {- see 23...Ne5}) 25.
Rad1 $1 {Now Black is under a deadly grasp.There is no mention to Pb2 at all.}
(25. b4 $143 Ne5 26. Rfc1 Rb2 $13) 25... Rxb2 26. a4 {[%csl Rd7,Rf6][%cal
Gd1d8,Yg2g1,Yf2d4]} a6 27. Bxa6 Ra8 28. Bb5 Nc5 29. Kh1 {[%cal Gf1g1,Gf2d4]}
Ra2 30. Rg1+ Kh7 31. Bd4 Nh5 32. Bxc5 bxc5 33. Rd7 Rf8 34. Bc4 Rxa4 35. Bxe6
$16) (23... Rc2 24. Rfd1 {[%csl Rd7,Rf6][%cal Gd1d8]}) 24. Be3 hxg2 25. Kxg2
Rc2+ 26. Rf2 Nfg4 $5 ({After:} 26... Rxf2+ 27. Kxf2 $14 {White has a clear
advantage.}) 27. fxg4 Nxg4 28. Kf3 Nxf2 29. Bxf2 Rxb2 30. a4 $14 {There is no
doubt that white has an advantage here,but black still has some counterplay
because of his active rooks.}) 21. Nf4 gxf3 22. gxf3 Nb3 ({dubiously is:} 22...
Rd2 $2 {becouse of} 23. b4 $16) 23. Rae1 (23. Bh4 $144 Nxa1 24. Rxa1 Nh7 (24...
Kg7 $5) 25. Bxd8 Rxd8 26. Re1 $11) 23... Nd2 24. Bh4 Nxf1 25. Bxf1 Ne8 (25...
Kg7 $144 26. Re2 Nh7 27. Bxd8 Rxd8 $11) 26. Bxd8 Rxd8 $11) 20. Rad1 (20. Rac1
$5 {deserves future check up.}) 20... a6 21. Be2 Kf8 ({Worse is:} 21... g4 $6
22. fxg4 Nxe4 23. Bh4 Rf8 24. dxc5 Ndxc5 25. g5 hxg5 26. Nxg5 Nxg5 27. Bxg5 Bd5
$14 {Two strong bishops pledge to white strong initiative.}) 22. Be3 (22. dxc5
$142 Nxc5 (22... bxc5 23. Be1 $14 {[%csl Rc5][%cal Ye1c3,Yh3f2]}) 23. Rxd8+
Rxd8 24. b4 $1 Na4 (24... Ncd7 25. Rc1 Rc8 26. Rxc8+ Bxc8 27. Be3 $14) 25. Rc1
Rd2 26. Kf1 Ne8 27. b5 $5 {Very intersting positional idea. Maybe it was
missed by Van Wely,but from my point of view,it looks very strong.} a5 28. Bd1
$1 (28. Bc4 $143 Nd6 29. e5 Nf5 $13) 28... Nb2 (28... Nc3 29. Ke1 {-transfers
to 28...Nb2 29.Ke1 Rd1}) 29. Ke1 Rxd1+ (29... Rd6 30. Be2 {[%csl Rb6][%cal
Ge4e5,Yd6b6]} Kg7 31. Rc3 $16) 30. Rxd1 Nxd1 31. Kxd1 $16) 22... Ke7 23. Nf2 ({
Also there was possible:} 23. dxc5 Nxc5 24. Rxd8 Rxd8 25. Rc1 {with simular
ideas.}) 23... cxd4 24. Rxd4 ({Looks more trivial:} 24. Bxd4 $14 {[%cal Yf2d3,
Gd4c3]}) 24... Rc2 25. Rd2 Rxd2 (25... Rdc8 26. Rfd1 b5 $14) 26. Bxd2 Rc8 27.
Nd1 {White has small,but a stable advantage.He wants or to break Black's
kingside with h4 or to develop pieces play at the center with Ne3-c4, Be3 and
etc.} Ne8 $5 ({Gives nothing:} 27... Rc2 28. Bb4+ Ke8 29. Re1 $14 {[%cal Ye2d3]
}) (27... Ne5 $5 28. Ne3 Nfd7) 28. Ne3 a5 $2 {Jan Timman making to himself
unessential weaknesses: pawn on b6 and point "b5".} (28... Nd6 $142 29. Rd1 Ne5
{Blacks plan is to force exchanges by transfering the knight to c4.} (29... Nc5
$2 30. Ng4 $16) ({too risky is:} 29... f5 $6 30. Bb4 Nc5 31. e5 Nf7 32. Nc4 a5
33. Nxb6 axb4 34. axb4 $1 Na4 35. Rd7+ Ke8 36. Rxb7 $16) 30. Bb4 Rc6 31. g3 a5
32. Bc3 Ndc4 $14) 29. b4 $1 $16 {Good reaction!} axb4 (29... a4 30. b5 {
[%csl Rb6][%cal Yd2b4,Ye2d1,Ye3c4]} Ne5 31. Bb4+ Kf6 32. g3 $1 Kg6 33. f4 Nd7
34. e5 $16 {Full domination of White's pieces on the board!}) 30. Bxb4+ Kf6 $2
{Gives up a pawn immediately.} (30... Nc5 $4 31. Nc4 $18 {[%csl Rb6][%cal
Gc4b6]}) (30... Kd8 $142 31. Rd1 Bc6 32. Ng4 h5 33. Ne5 f6 34. Nxc6+ Rxc6 35.
Bb5 Rc7 $16) 31. Bb5 $1 Nb8 32. Nc4 {[%csl Rb6]} Ba6 33. Nxb6 Rd8 (33... Bxb5
34. Nxc8 Bxf1 35. Kxf1 $18 {the rest -only matter of technique.}) 34. a4 Nc7
35. Bc3+ (35. Rb1 {also wins without problems.}) 35... e5 36. Rb1 Bxb5 37. axb5
Rd3 38. Ba5 h5 39. Rc1 $1 $18 Nxb5 40. Nd5+ Kg7 $2 {Painful blunder leading to
immediate loss,but nothing could save a Black here.} (40... Rxd5 41. exd5 Nd7
42. Rb1 $18) 41. Rb1 $1 {[%csl Rb5,Rb8]} 1-0

[Event "Poikovsky Karpov 03rd"]
[Site "Poikovsky"]
[Date "2002.04.16"]
[Round "1"]
[White "Sokolov, Ivan"]
[Black "Vescovi, Giovanni P"]
[Result "1/2-1/2"]
[WhiteElo "2647"]
[BlackElo "2611"]
[Annotator "Golod,V"]
[PlyCount "51"]
[EventDate "2002.04.16"]
[EventType "tourn"]
[EventRounds "9"]
[EventCountry "RUS"]
[EventCategory "16"]
[SourceTitle "CBM 089"]
[Source "ChessBase"]
[SourceDate "2002.08.12"]
[SourceVersion "1"]
[SourceVersionDate "2002.08.12"]
[SourceQuality "1"]

1. d4 Nf6 2. c4 e6 3. Nc3 Bb4 4. Qc2 O-O 5. a3 Bxc3+ 6. Qxc3 b6 7. Bg5 Bb7 8.
f3 h6 9. Bh4 d5 10. e3 Nbd7 11. cxd5 Nxd5 12. Bxd8 Nxc3 13. Bh4 Nd5 14. Bf2 c5
15. e4 {Earlier I considered that this move looks more poorly than 15.Bb5, but
now I think that in this position white can receive only a minimal advantage.}
Ne7 16. Bb5 Bc6 (16... Nc6 $5 17. Ne2 a6 {See comments to Gurevich,M-Lutz,C/
Essen,2001/CBM 83(1/2-1/2)(Golod,V)(45)} (17... Rfc8 $143 {see comments to
Teplitsky,Y-Gershon,A/Bermuda,1999/CBM 69(1/2-1/2)(Golod,V)(27)})) 17. Bd3 $5
$146 {[%mdl 8] The next attempt in this position to receive something more
essential than a minimal advantage.} ({Weakly:} 17. Ba6 {in view of:} b5 {
[%csl Ra6][%cal Gd7b8]}) ({The previous attempt of struggle for advantage:} 17.
Bxc6 Nxc6 18. Ne2 {You can see comments to Gelfand,B-Leko,P/Wijk aan Zee,2002/
CBM 87(1/2-1/2)(Golod,V)(41)}) 17... Ba4 {[%csl Re1][%cal Ge7c6,Ga4d1]} 18. Ne2
({Can be recommended:} 18. Rc1 cxd4 19. Bxd4 e5 20. Be3 Rfc8 21. Ne2 {with
minimal positional advantage of white.}) 18... Nc6 19. Rc1 ({Is a possible
continuations of the play:} 19. dxc5 Nce5 20. Ba6 Nxc5 21. Bxc5 bxc5 $11 {
[%csl Rb2][%cal Ga8b8]}) ({and} 19. Nc3 Bb3 20. Bb5 Nxd4 $1 21. Bxd4 (21. Bxd7
$4 Nc2+ 22. Kd2 (22. Ke2 $143 Bc4+ 23. Kd2 Nxa1 24. Rxa1 Rad8 $19 {[%csl Rd2,
Rd7]}) 22... Nxa1 23. Bxe6 fxe6 24. Rxa1 Rad8+ $19) 21... cxd4 22. Ne2 Nc5 23.
Nxd4 a6 24. Be2 Rad8 25. Nxb3 Nxb3 26. Rb1 b5 $11 {[%csl Rd4][%cal Ge6e5]})
19... cxd4 20. Nxd4 (20. b3 $2 {[%csl Ya4,Rc6][%cal Ya4c6] is refuted by:} Nce5
21. Ba6 (21. Bb1 $143 Bxb3 22. f4 Ng6 23. Nxd4 Ba4 $17) 21... Nc5 $1 22. Rxc5
bxc5 23. bxa4 Rab8 $15 {[%csl Ra6][%cal Gb8b1,Gb8b6,Gb6a6]}) 20... Nc5 $1 {
An important intermediate move. Otherwise white gets a small advantage in the
endgame:} (20... Nxd4 21. Bxd4 e5 22. Be3 Rac8 23. Ke2 {[%csl Gd3,Ge3] and so
on.}) 21. Be2 Nxd4 22. Bxd4 Nb3 23. Rd1 ({Impossibly:} 23. Rc4 $4 {in view of:}
b5 {[%csl Yc4,Rd4][%cal Gb5c4]} 24. Rb4 a5 25. Rxa4 (25. Rxb3 $143 Bxb3 26.
Bxb5 Rfd8 $19 {[%csl Gb3,Rd1,Rd4,Gd8,Rh1]}) 25... bxa4 26. Bc3 $17) 23... Nc5
$1 ({Much worse is:} 23... Nxd4 24. Rxd4 {<->d}) 24. Rc1 ({Also leads to
equality:} 24. Rd2 Nb3 25. Rd3 Rfd8 26. Be3 (26. Bc3 $144 Nc1 27. Rxd8+ Rxd8
$11 {[%csl Rd1,Ye2][%cal Gc1e2]}) 26... Rdc8 {[%csl Rc2]} 27. Bd1 Nc5 28. Rd2 (
28. Bxc5 Bxd1 (28... Bb5 $5) 29. Kxd1 (29. Bxb6 $4 Bc2 $19 {[%csl Rb6,Rd3]})
29... Rxc5 $11 {[%cal Ga8c8]}) 28... Bxd1 29. Kxd1 Nb3 30. Rd3 Na5 $11 {
[%csl Rc4][%cal Ga5c4]}) 24... Nb3 25. Rd1 Nc5 26. Rc1 {After 26...Nb3 the
game would end in a draw, because of three recurrences of a position.} 1/2-1/2